Les conséquences constitutionnelles du demi-tour dans l’approche politique de la Hongrie visant la question de l’intégration européenne

Elmentve itt :
Bibliográfiai részletek
Szerző: Kruzslicz Péter
Dokumentumtípus: Cikk
Megjelent: 2024
Sorozat:LETTRE DE L EST 2024 No. 37
Tárgyszavak:
mtmt:35469998
Online Access:http://publicatio.bibl.u-szeged.hu/34976
LEADER 00717nab a2200193 i 4500
001 publ34976
005 20241022082358.0
008 241022s2024 hu o 000 fre d
022 |a 2428-4718 
024 7 |a 35469998  |2 mtmt 
040 |a SZTE Publicatio Repozitórium  |b hun 
041 |a fre 
100 1 |a Kruzslicz Péter 
245 1 4 |a Les conséquences constitutionnelles du demi-tour dans l’approche politique de la Hongrie visant la question de l’intégration européenne  |h [elektronikus dokumentum] /  |c  Kruzslicz Péter 
260 |c 2024 
300 |a 1-8 
490 0 |a LETTRE DE L EST  |v 2024 No. 37 
650 4 |a Jogtudomány 
856 4 0 |u http://publicatio.bibl.u-szeged.hu/34976/7/lettre_de_lest_37_.pdf  |z Dokumentum-elérés